Ponorená rieka básnickej medzigenerácie

Bibliographic Details
Main Author: Kubišová, Hedviga (Author)
Format: Article
Language:Slovak
ISSN:0862-5999
Subjects:

MARC

LEADER 00000nab a2200000 a 4500
001 vtls000836710
003 SK-MaSNL
005 20260302162700.0
008 140423c2003 xo 0 slo
015 |a SNBRB2003/06-16252 
035 |a CLN000188365 
040 |a SNKBUCL  |b slo  |c SNKBUCL  |e AACR2 
041 0 |a slo 
044 |a xo  |c SK 
080 |a 82(091):885.4"191/192"(048)  |2 1997 
080 |a 885.4(091)"191/192"(048)  |2 1997 
080 |a 82:033:885.4-1(048)  |2 1997 
080 |a 885.4-1.033(048)  |2 1997 
080 |a 82.015:885.4(048)  |2 1997 
080 |a 885.4.015(048)  |2 1997 
100 1 |a Kubišová, Hedviga  |4 aut  |9 21204 
245 1 0 |a Ponorená rieka básnickej medzigenerácie  |c Hedviga Kubišová 
650 0 7 |a poézia slovenská  |x dejiny  |y stor. 20., r. 10.-20.  |x monografie  |x recenzie  |2 snkbucl  |9 862766 
650 0 7 |a poézia slovenská  |x realizmus  |x moderna  |x monografie  |x recenzie  |2 snkbucl  |9 862767 
650 0 7 |a realizmus (literatúra)  |2 snkbucl  |9 67597 
650 0 7 |a moderna  |x poézia slovenská  |x monografie  |x recenzie  |2 snkbucl  |9 862768 
655 7 |a články z novín a časopisov  |2 snkbucl  |9 267496 
773 0 |t Literárny týždenník  |g Roč. 16, č. 18 (2003), s. 10  |x 0862-5999 
787 0 8 |i Rec.:  |a Tatár, Jozef, 1954-  |t Básnická medzigenerácia  |d Banská Bystrica : Univerzita Mateja Bela, 2002  |z 808055711X 
850 |a Slovenská národná knižnica v Martine 
852 |a SNK  |b KIS3GCP 
958 |a RC 
958 |a LX 
992 |a RBX 
999 |c 1380974  |d 1382904